Piscinas públicas
Guardado en:
| Autor principal: | |
|---|---|
| Formato: | Desconocido |
| Publicado: |
[San José, Costa Rica]
1969
|
| Materias: | |
| Etiquetas: |
Agregar Etiqueta
Sin Etiquetas, Sea el primero en etiquetar este registro!
|
MARC
| LEADER | 00000 a2200000 4500 | ||
|---|---|---|---|
| 003 | 011288 | ||
| 005 | 20221231143813.0 | ||
| 008 | 140114s1969 c a m 000 ||s d | ||
| 040 | |c cru CEDI | ||
| 090 | |a TFG 345 | ||
| 100 | |a Siles Calderón, Luis Paulino |9 17796 | ||
| 245 | |a Piscinas públicas | ||
| 260 | |c 1969 |a [San José, Costa Rica] | ||
| 300 | |a 170 hojas : ilustraciones, cuadros ; 28 cm | ||
| 500 | |a Tesis (Ingeniero Civil) Universidad de Costa Rica | ||
| 650 | |x PISCINAS |9 5553 | ||
| 942 | |c TFG | ||
| 999 | |c 12244 |d 12244 | ||
